LDR 01043naa#a2200181#i#450# 001 RU\\bibl\121455 005 20260514184507.4 011 ## _a1994-4683 100 ## _a20230531b2023####ek#y0rusy0150####ca 102 ## _aRU 200 1# _aХАРАКТЕРИСТИКА ПСИХОФИЗИОЛОГИЧЕСКИХ РЕАКЦИЙ И ФУНКЦИОНАЛЬНОГО СОСТОЯНИЯ ОРГАНИЗМА ЧЕЛОВЕКА В УСЛОВИЯХ КРАТКОВРЕМЕННОЙ ФИЗИЧЕСКОЙ РЕКРЕАЦИИ _eЖурнальная статья 210 1# _aМосква _cНациональный государственный Университет физической культуры, спорта и здоровья им. П.Ф. Лесгафта _d2023 215 ## _a7 с. 608 ## _aЖурнальная статья _2local 675 ## _aОсновные теоретические концепции физического воспитания. 796.011.2 _z 700 #1 _aРябцев _gС М 700 #1 _aЖмурова _gТ А 856 4# _auchzapiski.lesgaft.spb.ru _u